000 01016nam a2200181 a 4500
008 120416s1990 ||||||||||||||||| || u
050 _aUN-ECA(02)
110 _aUnited Nations Economic Commission For Africa(UNECA)
245 1 0 _aAfrican Charter for Popular Participation in Development and Transformation (Arusha 1990)
_cby United Nations Economic Commission for Africa (UN-ECA)
260 _aArusha :
_bUNITED NATIONS ECONOMIC COMMISSION FOR AFRICA(UNECA)
_c1990
300 _aiv, 73p.
350 _a0.00
650 _aAFRICA--ECONOMIC POLICY--CITIZEN PARTICIPATION--CONGRESSES
650 _aPOLITICAL PARTICIPATION--AFRICA--CONGRESSES
650 _aRURAL DEVELOPMENT--AFRICA--CONGRESSES
995 _aSPECIAL COLLECTIONS
_D0.00
_e019462
_FCBU-MAIN LIBRARY (Kitwe)
_H1
_I0.00
_jUN-ECA(02)1990/ 5A
_M1
_UAVAILABLE
_y019462
_ZInternational Publications
995 _aSPECIAL COLLECTIONS
_D0.00
_e03006902
_FCBU-MAIN LIBRARY (Kitwe)
_H1
_I0.00
_jUN-ECA(02)1990/ 5B
_M2
_UAVAILABLE
_WAug 5, 2010
_y03006902
_ZInternational Publications
999 _c83779
_d83779